Valencia Current Squad - Statistics

General Stats
  • This quiz has been taken 138 times
    53 since last reset
  • The average score is 7 of 19
Answer Stats
# Player % Correct
25 Giorgi Mamardashvili
76%
14 José Gayà
66%
19 Hugo Duro
61%
12 Mouctar Diakhaby
54%
5 Gabriel Paulista
51%
1 Jaume Doménech
46%
20 Dimitri Foulquier
44%
7 Edinson Cavani
44%
Head Coach Rúben Baraja
41%
2 Thierry Correia
41%
18 André Almeida
39%
6 Hugo Guillamón
37%
21 Jesús Vázquez
29%
15 Cenk Özkacar
24%
24 Eray Cömert
24%
13 Cristian Rivero
22%
4 Yunus Musah
20%
11 Samu Castillejo
17%
22 Marcos André
10%
No matching quizzes found
Score Distribution
Percent of People with Each Score
Percentile by Number Answered
Your Score History
You have not taken this quiz since the last reset